000 00493nam a2200169Ia 4500
003 IN-BaIIA
008 211028s9999 xx 000 0 eng d
020 _a0-86720-015-4
040 _cIIA Library
080 _a524.834
_bNAR
100 _aNarlikar, Jayant V
_912567
245 0 _aIntroduction to cosmology
_c Jayant V Narlikar
260 _aBoston
_bJones and Bartlett Publishers
_c1983
300 _axv. 470p.
650 _aCosmology
942 _cBK
999 _c17307
_d17307